000 02096cam a22006014i 4500
003 PE-LiUPU
005 20250731170422.0
008 150623s1998 sp rb 000 0 spa d
020 _a847738567X
020 _a9788477385677
035 _a(Sirsi) a24665
040 _aPE-LiUPU
_bspa
_cPE-LiUPU
_erda
049 _aPRUA
082 0 4 _a149.97
_bB39
_223
100 1 _aBerciano Villalibre, Modesto,
_eautor.
245 1 0 _aDebate en torno a la posmodernidad /
_cModesto Berciano Villalibre.
264 1 _aMadrid, España :
_bEditorial Síntesis,
_c1998.
300 _a215 páginas ;
_c21 centímetros
336 _atext
_2rdacontent
337 _aunmediated
_2rdamedia
338 _avolume
_2rdacarrier
504 _aIncluye bibliografía.
505 0 _aLa posmodernidad: Lyotard -- Critica y alternativa a la posmodernidad: Habermas -- Discusión en torno a Lytard y Habermas -- La alternativa de Richard Rorty -- Vattino: posmodernidad inspirada en Heidegger -- Posmodernidad y ontología -- Heidegger: una reflexión ontológica sobre el lenguaje -- Heidegger y la superación de la modernidad.
526 _aSEG68
526 _aSEG70
526 _aSEG69
526 _aSEG67
526 _aSEG43
526 _aP144
526 _aP143
526 _aP131
526 _aP122
526 _aP120
526 _aP117
526 _aP112
526 _aP110
526 _aP106
526 _aP101
526 _aP80
526 _aP59
526 _aP54
526 _aP35
526 _aP33
526 _aP30
650 0 4 _aPostmodernismo.
910 _adbm
_bncf
_cncf
_d20190516
942 _2ddc
_cBOOK
949 _a149.97 B39
_wDEWEY
_c1
_i49032
_lCCODEBUL1
_mBUL
_p00.00
_r0
_sY
_tBOOK
_u2015-06-24
_xEDUCACION
_zUNKNOWN
_0COMPRA
_o.STAFF. Colección General
994 _aC0
_bPEPRU
596 _a1
999 _a149.97 B39
_wDEWEY
_c28179
_i49032
_d28179
_e2020-3-9
_f2021-11-8
_g6
_lCCODEBUL1
_mBUL
_n4
_p15.00
_q1
_r0
_sY
_tBOOK
_u2015-6-24
_xEDUCACION
_zUNKNOWN
_0COMPRA
_o.STAFF. Colección General
980 _81
_gALBERTO SANCHEZ Responsable de Automatización